Química orgánica

Bibliographic Details
Main Authors: Brewster, Ray Q, McEwen, William E
Format: Section = Libro
Language:Undetermined
Spanish
Published: Buenos Aires Médico Quirurgica 1981
Subjects:
LEADER 00455nam a2200181Ia 4500
008 240830s9999 xx 000 0 und d
040 |a CEDOC FIQ-RUSB / 547 B848 
041 |a spa 
082 |a 547 B848 
100 1 |a Brewster, Ray Q 
100 1 |b  McEwen, William E 
245 1 0 |a Química orgánica 
260 |a Buenos Aires  |b Médico Quirurgica  |c 1981 
300 |a 470 p. : il 
650 7 |a QUIMICA ORGANICA 
942 |c BK  |2 ddc 
991 |a TEXTO 
999 |c 14075